000 00209 a2200109 4500
020 _a9780064434010
041 _aspa
100 _aSlobodkina;Esphyr
245 _aSe venden gorras
942 _cBK
952 _71
999 _c19797
_d19797